000 00534nam a22002051 4500
001 BD-DhSAU 1790
003 BD-DhSAU
005 20150120144553.0
008 840629s1986 ii 000 0 eng
040 _aBD-DhSAU
082 _222
_a515
_bNAC
100 1 _aNarayan, Shanti.
245 1 2 _aA course of mathematical analysis /
_cShanti Narayan,
250 _a12th ed.
260 _aDelhi :
_bS. Chand ;
_cc1986.
300 _aviii, 431 p.:
_c21 cm.
590 _aIMRAN
650 0 _aMathematical analysis.
650 0 _aStatistics
942 _2ddc
_cBOOK
999 _c1790
_d1790